000 00416nmm a2200157Ia 4500
008 251105s9999||||xx |||||||||||||||||und||
020 _a9788415260332
041 _aspa
100 _aGrassi, Ernesto
245 0 _aArte y Mito
264 _a[Madrid, España] :
_bAnthropos,
_c2012
300 _a148 páginas
650 _aArts in general
856 _uhttps://public.digitaliapublishing.com/a/19751
942 _cCF
999 _c76617
_d76617